Bibliographies on Southeast Asia /
Saved in:
| Main Author: | |
|---|---|
| Format: | Book |
| Language: | English |
| Published: |
Leiden, The Netherlands :
KITLV Press,
1998.
|
| Series: | Bibliographical series (Koninklijk Instituut voor Taal-, Land- en Volkenkunde (Netherlands)) ;
22. |
| Subjects: | |
| Tags: |
Add Tag
No Tags, Be the first to tag this record!
|
| LEADER | 00843nam a2200241Ia 4500 | ||
|---|---|---|---|
| 001 | 007796992-8 | ||
| 005 | 20090826151734.0 | ||
| 008 | 980520s1998 ne b 000 0 eng d | ||
| 020 | |a 9067181218 | ||
| 035 | 0 | |a ocm39150105 | |
| 040 | |a OUN |c OUN |d HLS | ||
| 043 | |a as----- | ||
| 050 | 0 | 0 | |a Z3221 |b .K46 1998x |
| 100 | 1 | |a Kemp, Herman C. | |
| 245 | 1 | 0 | |a Bibliographies on Southeast Asia / |c compiled by Herman C. Kemp. |
| 260 | |a Leiden, The Netherlands : |b KITLV Press, |c 1998. | ||
| 300 | |a xvii, 1128 p. ; |c 25 cm. | ||
| 490 | 1 | |a Bibliographical series ; |v 22 | |
| 504 | |a Includes bibliographical references (p. [xiii]-xvii) and indexes. | ||
| 651 | 0 | |a Southeast Asia |x Bibliography of bibliographies. | |
| 830 | 0 | |a Bibliographical series (Koninklijk Instituut voor Taal-, Land- en Volkenkunde (Netherlands)) ; |v 22. | |
| 988 | |a 20020608 | ||
| 906 | |0 OCLC | ||


